000 00799nam a2200301Ia 4500
001 2704
003 IT-RoPAU
008 130308s9999 xx 000 0 und d
040 _aIT-RoPAU
040 _cIT-RoPAU
041 _aITALIANO
100 _aMattioli Paola
100 _gCodice Aut. SPICS: 4002
245 _aFrase dello specchio (La)
245 _bCi vediamo Mercoledi'-Gli Altri giorni ci Immaginiamo
250 _a1a ed.
260 _aMILANO
260 _bMazzotta
260 _c1978 [1° Ed.:1978 - Ed.Ling.Originale:1978]
300 _a"10 p. (prefazione: no ; testo: 10 [pagine: 18-27])"
500 _aGioco degli Sguardi
650 _aLINGUAGGIO FOTOGRAFICO
650 _eCodice materia Spics: 6754
942 _cBK
957 _71
999 _c50658
_d50658
999 _bSI
999 _g1